000 01086nas a2200373 4500
001 BR0205618
003 BR-BrBNA
005 20231205103408.0
007 ta
008 230509b bl.|||p| |||| 00| 00por d
040 _aBR-BrBNA
_bpor
_cBiblioteca Nacional de Agricultura
041 _a(Pt)
072 _aL73
100 1 _aScherer, C.F.C.
100 1 _aFlores, E.F.
100 1 _aWeiblen, R.
100 1 _aKreutz, L.C.
100 1 _aDür, J.W.
100 1 _aBrum, L.P.
100 1 _aQuadros, V.L.
100 1 _aLima, M. de
245 1 _aTécnica rápida de neutralização viral para a detecção de anticorpos contra o vírus da diarréia viral bovina (BVDV)no leite
650 _aBOVINO
650 _aINFECÇÃO
650 _aDIARRÉIA
650 _aANTICORPO
650 _aVÍRUS
650 _aLEITE
650 _aIMUNOFLUORESCÊNCIA
650 _aDIAGNÓSTICO
773 0 _tPesquisa Veterinária Brasileira (Brazil)
_xISSN 0100-736X
_g(Apr-Jun 2002), v. 22(2) p. 45-50
_wBR0205618
909 _a202311
_bLúcia
_c55
_dLúcia Elande
942 _2AGRIS
_n0
_cANA
999 _c172635
_d172635